000 01021nam a2200217 i 4500
001 152968
003 ES-MaACL
005 20250719062537.0
008 050708s1892 sp |||| | spa d
110 2 _aCárcel-Modelo (Madrid)
_92440
245 1 0 _aReglamento para la Cárcel Modelo de Madrid.
260 _aMadrid :
_b[s.n.],
_c1892 (
_fTip. de Manuel Ginés Hernández)
300 _a89 p. ;
_c23 cm.
610 0 4 _aCárcel-Modelo (Madrid)
_92440
650 4 _aEstablecimientos penitenciarios-
_zMadrid.
_9143330
852 _aES-MaACL
_jD-102(3)
_cSVI
_hDonación: Francisco Lastres y Juiz
_xEncuadernado con otras obras en un volumen facticio.
_9158526
_bR.Foll.8/3
_dOlim: 193-C-15
_fSello en tinta en página 1: "Donativo del Sr. Lastres al Ateneo de Madrid. 1907"
_gAnotaciones manuscritas en portada: "Folletos penitenciarios. Tomo 15"
903 _aLastres y Juiz, Francisco,
_d1848-1918
_q1
_ednr
_970504
942 _2udc
_cFOLLETOS
999 _c152968
_d152968